| 000 | 01706nam a22003731i 4500 | ||
|---|---|---|---|
| 001 | ebr10782081 | ||
| 003 | CaPaEBR | ||
| 006 | m o d | ||
| 007 | cr cn||||||||| | ||
| 008 | 931201s1987 ne a ob 000 0 eng d | ||
| 020 | _a9783110871654 (e-book) | ||
| 020 | _z9783110130560 | ||
| 040 |
_aCaPaEBR _beng _erda _epn _cCaPaEBR |
||
| 035 | _a(OCoLC)868969700 | ||
| 050 | 1 | 4 |
_aP217 _b.E97 1987eb |
| 245 | 0 | 0 |
_aExplorations in dependency phonology / _cJohn Anderson and Jacques Durand (eds.). |
| 264 | 1 |
_aDordrecht, Holland ; _aProvidence, Rhode Island : _bForis Publications, _c1987. |
|
| 300 |
_a1 online resource (227 pages) : _billustrations. |
||
| 336 |
_atext _2rdacontent |
||
| 337 |
_acomputer _2rdamedia |
||
| 338 |
_aonline resource _2rdacarrier |
||
| 440 | 0 |
_aPublications in language sciences ; _v26 |
|
| 504 | _aIncludes bibliographies. | ||
| 588 | _aDescription based on print version record. | ||
| 590 | _aElectronic reproduction. Palo Alto, Calif. : ebrary, 2013. Available via World Wide Web. Access may be limited to ebrary affiliated libraries. | ||
| 650 | 0 |
_aGrammar, Comparative and general _xPhonology. |
|
| 650 | 0 | _aDependency grammar. | |
| 655 | 0 | _aElectronic books. | |
| 700 | 1 |
_aAnderson, John M. _q(John Mathieson), _d1941- |
|
| 700 | 1 |
_aDurand, Jacques, _d1947- |
|
| 776 | 0 | 8 |
_iPrint version: _tExplorations in dependency phonology. _dDordrecht, Holland ; Providence, Rhode Island : Foris Publications, 1987 _h220 pages : illustrations ; 24 cm. _kPublications in language sciences ; 26. _z9783110130560 |
| 797 | 2 | _aebrary. | |
| 856 | 4 | 0 |
_uhttp://site.ebrary.com/lib/rucke/Doc?id=10782081 _zAn electronic book accessible through the World Wide Web; click to view |
| 999 |
_c134893 _d134893 |
||